| 000 -LEADER | |
|---|---|
| fixed length control field | 00900nam a2200181Ia 4500 |
| 008 - FIXED-LENGTH DATA ELEMENTS--GENERAL INFORMATION | |
| fixed length control field | 191130s2009##################000#0#tam## |
| 040 ## - CATALOGING SOURCE | |
| Original cataloging agency | ACL |
| Transcribing agency | ACL |
| 082 ## - DEWEY DECIMAL CLASSIFICATION NUMBER | |
| Classification number | 345.0253 VEN |
| 100 ## - MAIN ENTRY--PERSONAL NAME | |
| Personal name | வேங்கடாசலம் |
| 245 ## - TITLE STATEMENT | |
| Title | பெண்களுக்குத் தொல்லை கொடுத்தல் தடுப்புச் சட்டம், 1998 : தமிழ்நாடு சட்டம், 39/2002 = The Tamilnadu probihition of harassment of Women Act, 1998 : Tamil Nadu act 39 of 2002 |
| Statement of responsibility, etc. | சட்டத் தமிழ் அறிஞர் புலமை வேங்கடாசலம் |
| 260 ## - PUBLICATION, DISTRIBUTION, ETC. | |
| Place of publication, distribution, etc. | Salem |
| Name of publisher, distributor, etc. | Giri Law House |
| Date of publication, distribution, etc. | 2009 |
| 300 ## - PHYSICAL DESCRIPTION | |
| Extent | 53 p. |
| 500 ## - GENERAL NOTE | |
| General note | முதல் பதிப்பு 2006 |
| 650 ## - SUBJECT ADDED ENTRY--TOPICAL TERM | |
| Topical term or geographic name entry element | சட்டம் |
| 990 ## - EQUIVALENCES OR CROSS-REFERENCES [LOCAL, CANADA] | |
| Link information for 9XX fields | d2e4237dac10000c3fa75af0e42aec3a |
| 991 ## - | |
| -- | 9156 |
| Withdrawn status | Lost status | Materials specified (bound volume or other part) | Damaged status | Not for loan | Home library | Current library | Date acquired | Total Checkouts | Full call number | Barcode | Date last seen | Price effective from | Koha item type |
|---|---|---|---|---|---|---|---|---|---|---|---|---|---|
| pbk | Anna Centenary Library | Anna Centenary Library | 15.10.2020 | 345.0253 VEN | 80001 | 15.10.2020 | 15.10.2020 | Tamil Books | |||||
| pbk | Anna Centenary Library | Anna Centenary Library | 15.10.2020 | 345.0253 VEN | 80002 | 15.10.2020 | 15.10.2020 | Tamil Books | |||||
| pbk | Anna Centenary Library | Anna Centenary Library | 15.10.2020 | 345.0253 VEN | 80003 | 15.10.2020 | 15.10.2020 | Tamil Books | |||||
| pbk | Anna Centenary Library | Anna Centenary Library | 15.10.2020 | 345.0253 VEN | 80004 | 15.10.2020 | 15.10.2020 | Tamil Books |